| 000 | 00404nam a2200157Ia 4500 | ||
|---|---|---|---|
| 008 | 210707s2000 xx 000 0 und d | ||
| 020 | _a0582517362 | ||
| 041 | _aeng | ||
| 082 | _a428.2 LEEC | ||
| 100 | _aLEECH (Geoffrey) & SVARTVIK (Jan) | ||
| 245 | _aCommunicative grammar of english. | ||
| 260 |
_aEngland _bLongman Group Ltd _c2000 |
||
| 300 | _a324 p | ||
| 563 | _aPB | ||
| 650 | _aEnglish Usage | ||
| 999 |
_c180434 _d180434 |
||